000 00358nam a22001457a 4500
003 OSt
005 20160727222352.0
008 160622b xxu||||| |||| 00| 0 eng d
040 _cTEST
100 _9436
_aBrighouse, A., et al
245 _aPeak Mathematics
260 _aE.G .Thomas Nelson and sons comp
_c1981
300 _aPeak Mathematics
942 _2ddc
_cBK
999 _c358
_d358